| 000 | 01160nam a22003497a 4500 | ||
|---|---|---|---|
| 001 | 000365 | ||
| 003 | DO-SdBNP | ||
| 005 | 20171212091518.0 | ||
| 007 | 000365 | ||
| 008 | 160706b 2009 sp a ||||| |||| 00| 0 spa d | ||
| 020 | _a9788466320931 | ||
| 040 |
_aBPMSU _bspa _cBPMSU |
||
| 082 | 4 |
_a915.0442 _bT412g |
|
| 100 | 1 |
_aTheroux, Paul, _d1941- |
|
| 240 | 1 | 0 |
_aThe great railway bazaar. _lEspañol |
| 245 | 1 | 0 |
_aEl gran bazar del ferrocarril : _bun viaje en tren por Turquía, Extremo Oriente y Siberia / _cPaul Theroux ; traducción, Juan Godó Costa. |
| 260 |
_aMadrid : _bPunto de Lectura, _c2006. |
||
| 300 |
_a506 p. : _bil., mapa ; _c19 cm. |
||
| 490 | 1 |
_aPunto de lectura _v256 |
|
| 490 | 1 |
_aNarrativa; _v4 |
|
| 500 | _aIncluye datos biográficos del autor. | ||
| 600 | 1 | 4 | _aTheroux, Paul |
| 650 | 4 |
_aFERROCARRILES _zÁSIA |
|
| 651 | 4 |
_aÁSIA _xDESCRIPCIONES Y VIAJES |
|
| 700 | 1 | 2 |
_aGodó Costa, Juan, _etr. |
| 830 | 0 |
_pPunto de lectura ; _n256 |
|
| 830 | 0 |
_pNarrativa ; _n4 |
|
| 910 | _aValidado. Control de calidad MFF | ||
| 942 |
_2ddc _cBK |
||
| 945 | _aInventariado, 2017/MFF | ||
| 956 |
_2LOPEREZ _310 _620160706 _8BPMSU _a00041 |
||
| 999 |
_c10720 _d10720 |
||